000 00973ntm a2200253 a 4500
001 37386
003 BD-RjUL
005 20211209052614.0
008 141211s2012 bg a|||| m||| 00| e eng d
035 _a(BD-RjUL)37489
040 _aBD-RjUL
_beng
_cBD-RjUL
_dBD-RjUL
041 _aeng
082 _221
_a583.69135
_bISI 2012
100 _aIslam, Md. Rafiqul
_9114629
245 _aInterspecies diversity, growth and mode of propagation of Jatropha plants in Bangladesh /
_cby Md. Rafiqul Islam
_6Supervisor: M. A. Bari Miah
260 _aRajshahi :
_bInstitute of Biological Sciences, R. U. ,
_c2012.
300 _a[13], 294 Leaves :
_bIll. ;
_c30 cm.
502 _aThesis (Ph. D.)--Institute of Biological Sciences, R. U., 2012.
504 _aReferences :Leaves [268]-294
650 _aJatropha plants
_xExperimental Research
_zBangladesh
_9114630
650 _aJatropha
_xBiotechnology.
_9114630
700 _a Miah, M. A. Bari, Supervisor
_9114631
942 _2ddc
_cTHE
999 _c37386
_d37386